000 nam a22 7a 4500
999 _c10253
_d10253
008 180213b ||||| |||| 00| 0 eng d
100 _aChhabra,N.N.
_96241
245 _a31 Stories from Panchatantra
260 _aNew Delhi
_bFarsight
_c2011